01543cam a22003737a 4500003000500000005001700005008004100022010001000063011001000073035001000083040000900093090001000102100004400112245017500156260003700331300002100368502015100389590003700540590004100577590004100618590004100659590004100700590004200741650004200783650003900825650004000864650003600904901000700940905002600947942001000973949004200983999001701025952012701042CHAP20220329142051.0990521d1997 mx r 00110 spa d a77899 a78871 a88973 cCHAP aTesis00aCastillo Martínez, Angélica.92016810aEvaluación de dos niveles (2.5 y 5.0%) de suero de leche suplementados en el agua de bebida en pollos de engorda en trópico secoc/ por Angélica Castillo Martínez aCocula, Gro. :bEl autor,c1997. a46 h. :bcuadros aTesis (Ing. Agr. Zootecnista) -- Colegio Superior Agropecuario del Estado de Guerrero. Centro de Estudios Profesionales. Departamento de Zootecnia aALEPHb10c20130110lUCH01h1429 aBATCH-UPDb10c20130110lUCH01h1558 aBATCH-UPDb10c20130410lUCH01h0955 aBATCH-UPDb10c20130914lUCH01h0450 aBATCH-UPDb10c20130914lUCH01h2040 aCONVERSIONb10c20130109lUCH01h134314aAves de corralxAlimentación.9863814aAves de corralxNutrición.9867214aLeche en nutrición animal.96543814aSueroxValor nutritivo.9110586 aBK aBlanca M. García O. cTESIS bBCcTESd889731eTS1h34005i88973sb c77899d77899 00102local4051708TESISaBCbBCcPA_TESISd2019-12-31fTESISl0oTesisp889731r2019-12-31 00:00:00w2019-12-31yTESIS